1227 1099 1679 1250 1215 1016 1024 1591 1691 1064 1474 1019 1425 1224 1086 1905 1517 1504 1538 1141 1078 1119 1455 1532 1314 1968 1425 1270 1826 1936 1245 1227 1845 1959 1486 1135 1258 1667 1966 1859 1795 1067 1814 1070 1832 1551 1846 1839 1509 1073 1898 1560 1464 1870 1426 1710 1554 1441 1114 1006 1516 1021 1335 1053 1658 1840 1335 1711 1627 1230 1308 1274 1718 1230 1225 1778 1793 1104 1660 1974 1283 1873 1213 1418 1165 1893 1588 1336 1881 1137 1802 1848 1715 1724 1109 1693 1510 1011 1150 BCNSPRNW ULIB Ver.6.0+V

เปลี่ยนเป็นภาษาไทย

Change to English
 แสดงรายละเอียดบรรณานุกรม
  กลับหน้าหลัก

Brief Record : Get Marc (ISO 2709) : E-mail record : QR code < ปิดหน้าต่าง
LEADER : 00000nam 2200000uu 4500
001    13399121341
003     ULIB
008    020711s2546 th a 000 0 tha d
020    9749165829
090    รส.^bอ580ข
100    อัศศิริ ธรรมโชติ
245    ขุนทอง เจ้าจะกลับเมื่อฟ้าสาง/^cอัศศิริ ธรรมโชติ
250    พิมพ์ครั้งที่ 1
260    กรุงเทพฯ :^bมูลนิธิสถาบันวิชาการ,^c2546
300    120 หน้า
945    ^p0^l0^i14346
999    ^aกัณชพร
รายการนี้ยังไม่มีแท็ก
คุณยังไม่ได้ล็อกอิน คุณสามารถมีกิจกรรมร่วมกับเว็บไซต์ได้ แต่ต้องล็อกอินก่อน ::
  ล็อกอิน

รายการสื่อสารสนเทศ

ลำดับที่ ประเภท เลขเรียก/บาร์โค้ด สถานที่ สถานะ
1. วิทยาศาสตร์การแพทย์ และสุขภาพ
วิทยาศาสตร์การแพทย์ และสุขภาพ
รส. อ580ข  
  Barcode: 14346
ห้องสมุดวิทยาเขตสวรรค์ประชารักษ์
►นวนิยาย
บนชั้น
  ขอยืม

BibComment


ยังไม่เคยถูกคอมเมนท์

คอมเมนท์ทรัพยากรรายการนี้
  คอมเมนท์: ขุนทอง เจ้าจะกลับ..


 Copyright 2026. Bcnsprnw @Library